Bài tập cơ học lượng tử

VL VâÌ£t lý lượng tử 1

Uloženo v:
Podrobná bibliografie
Hlavní autor: Hoàng, Dũng
Médium: Kniha
Jazyk:Undetermined
Vydáno: TP.HCM Đại học Quốc gia TP.HCM 2002
Témata:
On-line přístup:http://lrc.tdmu.edu.vn/opac/search/detail.asp?aID=2&ID=4055
Tagy: Přidat tag
Žádné tagy, Buďte první, kdo otaguje tento záznam!
Thư viện lưu trữ: Trung tâm Học liệu Trường Đại học Thủ Dầu Một
LEADER 00672nam a2200205Ia 4500
001 TDMU_4055
008 210410s9999 xx 000 0 und d
082 |a 530.12 
090 |b H6508 
100 |a Hoàng, Dũng 
245 0 |a Bài tập cơ học lượng tử 
245 0 |c Hoàng Dũng 
260 |a TP.HCM 
260 |b Đại học Quốc gia TP.HCM 
260 |c 2002 
300 |a 392tr. 
520 |a VL VâÌ£t lý lượng tử 1 
650 |a Cơ học lượng tử  |v Bài tập 
856 |u http://lrc.tdmu.edu.vn/opac/search/detail.asp?aID=2&ID=4055 
980 |a Trung tâm Học liệu Trường Đại học Thủ Dầu Một